| 000 | 00733nam a2200217 a 4500 | ||
|---|---|---|---|
| 001 | 000030429 | ||
| 005 | 20200930062316.0 | ||
| 008 | 110517s2009 dr ac 000 0 spa d | ||
| 020 | _a0006389 | ||
| 040 |
_bspa _cBNPHU _aDO-SdBNP |
||
| 082 |
_axxxx _bR641I |
||
| 100 | 1 |
_aRobert-Henández, Wilson _957060 |
|
| 245 | 1 | 0 |
_aInvonne Haza : _bla diva dominicana / _cWilson Robert-Henández; prólogo Julio de Windt. |
| 260 |
_aSanto Domingo : _bEditora del Banco Central, _c2009. |
||
| 300 |
_a335 p : _bil., retrs. ; _c33 cm. |
||
| 500 | _aIncluye datos biografico del autor en la pág. 333 | ||
| 500 | _aIndice de nombres citados | ||
| 500 | _aCronológico Invonne Haza | ||
| 700 | 1 |
_aWindt, Julio de _epról. _957061 |
|
| 049 | _aBNPD | ||
| 999 |
_c29921 _d29921 |
||